| 000 | 00598nam a2200205 a 4500 | ||
|---|---|---|---|
| 001 | 000013936 | ||
| 005 | 20241021092515.0 | ||
| 008 | 091202s2006 dr r 000 f spa d | ||
| 020 | _a9945160702 | ||
| 040 |
_aDO-SdBNP _bspa _cBNPHU |
||
| 082 |
_aRD863.44 _bS684s |
||
| 100 | 1 |
_aSolano, Miguel, _91543 |
|
| 245 | 1 | 3 |
_aLa sagrada familia / _cMiguel Solano. |
| 260 |
_aSanto Domingo : _bAQI, _c2006. |
||
| 300 |
_a133 p. ; _c22 cm. |
||
| 590 | _aInventariado, 2018/BT | ||
| 650 | 0 |
_aNovela dominicana _9223 |
|
| 650 | 0 |
_aLiteratura dominicana. _967 |
|
| 910 | _aValidado. Control de calidad. MMOLINA | ||
| 999 |
_c13541 _d13541 |
||